[Event "Russian Championship B17 1st league 2016"]
[Site "Loo"]
[Date "2016.04.23"]
[Round "4.19"]
[White "Chudinov, Igor"]
[Black "Tyatyushkin, Danil"]
[Result "1/2-1/2"]
[WhiteElo "1936"]
[BlackElo "2028"]
[PlyCount "115"]
[EventDate "2016.04.20"]

1. d4 d5 2. c4 c6 3. e3 Nf6 4. Bd3 e6 5. Nf3 Nbd7 6. O-O Be7 7. b3 O-O 8. Bb2
b6 9. Nbd2 Bb7 10. Rc1 c5 11. Qe2 Re8 12. Rfd1 Qc7 13. cxd5 exd5 14. dxc5 bxc5
15. Bf5 Qb6 16. Nb1 Bd6 17. Qc2 Qc7 18. Nc3 a6 19. h3 Bc6 20. Ne2 Qb7 21. Ned4
Bb5 22. Nxb5 axb5 23. a3 Be7 24. Qd2 Red8 25. Bxd7 Rxd7 26. Bxf6 gxf6 27. Qb2
Qb8 28. b4 cxb4 29. axb4 Ra4 30. Rd4 Rc7 31. Rg4+ Kh8 32. Rxc7 Qxc7 33. Ng5 Bd8
34. Rh4 Kg8 35. Nxh7 Qe5 36. Qxe5 fxe5 37. Ng5 Be7 38. Rg4 Rxb4 39. Rxb4 Bxb4
40. Nf3 f6 41. Kf1 Kf7 42. Ke2 Ke6 43. g4 Bc3 44. Nd2 e4 45. Nb3 f5 46. g5 Kf7
47. f4 exf3+ 48. Kxf3 Kg6 49. h4 Be1 50. Nd4 b4 51. Ne2 b3 52. Nf4+ Kf7 53. Nd3
Bc3 54. Kf4 Kg6 55. h5+ Kxh5 56. Kxf5 b2 57. Nxb2 Bxb2 58. Ke6 1/2-1/2

[Event "Russian Championship B17 1st league 2016"]
[Site "Loo"]
[Date "2016.04.23"]
[Round "4.20"]
[White "Maximov, Kirill"]
[Black "Zabolotnov, Evgeny"]
[Result "1-0"]
[WhiteElo "1844"]
[BlackElo "2010"]
[PlyCount "55"]
[EventDate "2016.04.20"]

1. e4 e6 2. d4 d5 3. Nd2 Nc6 4. Ngf3 Nf6 5. e5 Nd7 6. Bd3 Nb4 7. Be2 c5 8. c3
Nc6 9. O-O f6 10. exf6 Qxf6 11. Nb3 cxd4 12. cxd4 Bd6 13. Be3 O-O 14. Rc1 Ne7
15. Bg5 Qf7 16. Bxe7 Qxe7 17. Re1 b6 18. Bd3 Bb7 19. Qe2 Rf6 20. Ne5 Bb4 21.
Rc7 Bxe1 22. Rxd7 Qb4 23. Ng4 Bxf2+ 24. Kh1 Rf4 25. g3 Rff8 26. Qxe6+ Kh8 27.
Rxg7 Kxg7 28. Qe5+ 1-0

[Event "Russian Championship B17 1st league 2016"]
[Site "Loo"]
[Date "2016.04.23"]
[Round "4.21"]
[White "Kirillov, Konstantin"]
[Black "Getman, Dmitriy"]
[Result "1/2-1/2"]
[WhiteElo "2002"]
[BlackElo "1716"]
[PlyCount "80"]
[EventDate "2016.04.20"]

1. d4 d5 2. c4 e6 3. Nf3 Nf6 4. g3 Be7 5. Bg2 O-O 6. O-O Nbd7 7. Nc3 c6 8. Qd3
b6 9. e4 Ba6 10. b3 dxe4 11. Nxe4 c5 12. Rd1 Bb7 13. Nc3 cxd4 14. Nxd4 Bxg2 15.
Kxg2 Qc8 16. Bb2 Qb7+ 17. Qf3 Qxf3+ 18. Nxf3 a6 19. Nd4 Rac8 20. Na4 h6 21.
Rac1 Rfd8 22. Nf3 b5 23. cxb5 Rxc1 24. Rxc1 axb5 25. Nc3 b4 26. Na4 Nd5 27. Nd4
N7b6 28. Nc6 Rd7 29. Bd4 Nxa4 30. bxa4 Bf6 31. Bxf6 gxf6 32. a5 Rc7 33. a6 Kf8
34. a7 Nb6 35. Rc4 Na8 36. Rxb4 Rxc6 37. Rb8+ Kg7 38. Rxa8 Ra6 39. Kf3 Rxa2 40.
Ke4 Ra4+ 1/2-1/2

[Event "Russian Championship B17 1st league 2016"]
[Site "Loo"]
[Date "2016.04.23"]
[Round "4.22"]
[White "Chudiniv, Andrey"]
[Black "Tsukhaev, Isa"]
[Result "1/2-1/2"]
[WhiteElo "1986"]
[BlackElo "1723"]
[PlyCount "84"]
[EventDate "2016.04.20"]

1. d4 d5 2. c4 e6 3. Nf3 Nf6 4. g3 Be7 5. Bg2 O-O 6. O-O Nbd7 7. Nbd2 c6 8. b3
b6 9. Bb2 Bb7 10. Re1 Ne4 11. Nxe4 dxe4 12. Ne5 f5 13. Nxd7 Qxd7 14. Qc2 Rad8
15. a3 c5 16. Rad1 Qc7 17. dxc5 bxc5 18. Rxd8 Rxd8 19. Rd1 Rxd1+ 20. Qxd1 Bd6
21. e3 e5 22. Qc2 Qc6 23. Bh3 g6 24. Qc3 h5 25. b4 a6 26. Qb3 Qb6 27. Bc3 a5
28. b5 Kf7 29. Qa4 Bc7 30. Qd1 Ke6 31. Bf1 Qd6 32. Qxd6+ Kxd6 33. Be2 Ke6 34.
Kf1 Kf6 35. Ke1 Kg5 36. Kd2 f4 37. h4+ Kf5 38. Kc2 a4 39. Kd2 fxg3 40. fxg3 Bc8
41. Ke1 Be6 42. Kf2 Bb8 1/2-1/2

[Event "Russian Championship B17 1st league 2016"]
[Site "Loo"]
[Date "2016.04.23"]
[Round "4.23"]
[White "Tchentsov, Daniil"]
[Black "Zhuravlev, Stepan"]
[Result "1-0"]
[WhiteElo "1802"]
[BlackElo "2046"]
[PlyCount "91"]
[EventDate "2016.04.20"]

1. e4 e5 2. Nf3 Nc6 3. Bb5 a6 4. Ba4 Nf6 5. O-O Be7 6. Re1 b5 7. Bb3 d6 8. c3
O-O 9. h3 Bb7 10. d4 Re8 11. Ng5 Rf8 12. Nf3 h6 13. Nbd2 Re8 14. Nf1 Bf8 15.
Ng3 exd4 16. cxd4 Na5 17. Bc2 c5 18. d5 g6 19. h4 h5 20. Ng5 Nc4 21. f4 Bc8 22.
b3 Bg4 23. Qd3 Nb6 24. Bb2 c4 25. Qf1 cxb3 26. axb3 Nh7 27. Qf2 Nxg5 28. Qd4 f6
29. hxg5 Nd7 30. gxf6 Qb6 31. Qxb6 Nxb6 32. e5 dxe5 33. Bxg6 Bc5+ 34. Kh2 Rec8
35. fxe5 Nxd5 36. Ne4 Bb4 37. Nd6 Bxe1 38. Bf7+ Kf8 39. Bxd5 h4 40. Rxe1 Rd8
41. Ba3 Ra7 42. Nc8+ Ke8 43. f7+ Rxf7 44. Nd6+ Kf8 45. Nxf7+ Kg7 46. Nxd8 1-0

[Event "Russian Championship B17 1st league 2016"]
[Site "Loo"]
[Date "2016.04.23"]
[Round "4.24"]
[White "Anchutin, Nikita"]
[Black "Gavrik, Aleksandr"]
[Result "1-0"]
[WhiteElo "2142"]
[BlackElo "1736"]
[PlyCount "53"]
[EventDate "2016.04.20"]

1. d4 d5 2. Nf3 Nf6 3. c4 c6 4. Nc3 dxc4 5. a4 Bf5 6. Ne5 e6 7. Nxc4 Nbd7 8. g3
Bb4 9. Bg2 O-O 10. O-O Nd5 11. e4 Nxc3 12. bxc3 Bxc3 13. Ra3 Bxe4 14. Bxe4 Bb4
15. Rb3 a5 16. Ne5 Nb6 17. Rd3 f6 18. Qh5 f5 19. Bg2 Nxa4 20. g4 Bd6 21. Rh3
Bxe5 22. dxe5 h6 23. g5 Qe8 24. Qh4 c5 25. gxh6 g6 26. h7+ Kh8 27. Bg5 1-0

[Event "Russian Championship B17 1st league 2016"]
[Site "Loo"]
[Date "2016.04.23"]
[Round "4.25"]
[White "Veligjanin, Andrey"]
[Black "Kostin, Ilya"]
[Result "1/2-1/2"]
[WhiteElo "1922"]
[BlackElo "1697"]
[PlyCount "74"]
[EventDate "2016.04.20"]

1. e4 e5 2. Nf3 Nc6 3. Bc4 Bc5 4. O-O d6 5. d3 Na5 6. Bb3 Nxb3 7. axb3 Nf6 8.
Be3 Bxe3 9. fxe3 O-O 10. Nc3 Re8 11. Qe1 d5 12. exd5 Nxd5 13. e4 Nf4 14. Kh1
Ng6 15. Qf2 a6 16. d4 exd4 17. Nxd4 f6 18. Rad1 Qe7 19. Nf5 Bxf5 20. exf5 Nf8
21. Nd5 Qf7 22. h3 Re5 23. Nc3 Rae8 24. Rfe1 Qe7 25. Rxe5 Qxe5 26. Qf3 c6 27.
Qg4 Qe7 28. Qc4+ Kh8 29. Qd4 Kg8 30. Qb6 g6 31. fxg6 hxg6 32. Qf2 Kg7 33. Rf1
Nd7 34. Qf4 Qe5 35. Qh4 Qe7 36. Qf4 Qe5 37. Qh4 Qe7 1/2-1/2

[Event "Russian Championship B17 1st league 2016"]
[Site "Loo"]
[Date "2016.04.23"]
[Round "4.26"]
[White "Loskutov, Efrem"]
[Black "Khmelev, Mikhail"]
[Result "0-1"]
[WhiteElo "1673"]
[BlackElo "1917"]
[PlyCount "40"]
[EventDate "2016.04.20"]

1. d4 Nf6 2. c4 c5 3. d5 b5 4. cxb5 a6 5. Nc3 g6 6. Nf3 Bg7 7. Bd2 axb5 8. Nxb5
Nxd5 9. Qc2 d6 10. e4 Nc7 11. Bc3 O-O 12. Bxg7 Kxg7 13. Qc3+ f6 14. Bc4 Nxb5
15. Bxb5 Qb6 16. a4 Bg4 17. O-O Nc6 18. Ng5 Nd4 19. Qg3 Be2 20. Qh3 fxg5 0-1

[Event "Russian Championship B17 1st league 2016"]
[Site "Loo"]
[Date "2016.04.23"]
[Round "4.27"]
[White "Maltsevskiy, Nikolay"]
[Black "Slastikhin, Vladislav"]
[Result "1-0"]
[WhiteElo "1889"]
[BlackElo "1658"]
[PlyCount "57"]
[EventDate "2016.04.20"]

1. d4 d5 2. c4 e6 3. Nc3 Nf6 4. Bg5 Be7 5. Nf3 O-O 6. e3 Nbd7 7. Rc1 dxc4 8.
Bxc4 Nb6 9. Bd3 Nbd5 10. Nxd5 exd5 11. O-O Bg4 12. h3 Bxf3 13. Qxf3 Ne4 14.
Bxe4 dxe4 15. Bxe7 Qxe7 16. Qf4 c6 17. Rc5 Qe6 18. b3 f5 19. Rfc1 Rad8 20. Re5
Qf7 21. Rcc5 Rd5 22. Rexd5 cxd5 23. Rc7 Qf6 24. Rxb7 g5 25. Qc7 Qg6 26. Qe5 f4
27. Qxd5+ Kh8 28. Qe5+ Kg8 29. Re7 1-0

[Event "Russian Championship B17 1st league 2016"]
[Site "Loo"]
[Date "2016.04.23"]
[Round "4.28"]
[White "Shevelev, Alexandr"]
[Black "Kravchenko, Daniil"]
[Result "0-1"]
[WhiteElo "1668"]
[BlackElo "1876"]
[PlyCount "76"]
[EventDate "2016.04.20"]

1. d4 d6 2. c4 e5 3. dxe5 dxe5 4. Qxd8+ Kxd8 5. Nf3 f6 6. e4 Be6 7. Be2 c6 8.
Be3 Nd7 9. O-O Kc7 10. a3 a5 11. b3 Nh6 12. Nfd2 Bc5 13. Nc3 Bxe3 14. fxe3 Rhd8
15. b4 axb4 16. axb4 Rxa1 17. Rxa1 Nb6 18. Rd1 Ng4 19. c5 Na4 20. Ndb1 Nxc3 21.
Nxc3 Nxe3 22. Rxd8 Kxd8 23. Kf2 Nc2 24. b5 Nd4 25. h3 Nxe2 26. Kxe2 Bc4+ 27.
Ke3 Bxb5 28. Nxb5 cxb5 29. Kd3 Kc7 30. Kc3 Kc6 31. Kb4 b6 32. cxb6 Kxb6 33. g3
g5 34. h4 h5 35. g4 gxh4 36. gxh5 h3 37. h6 h2 38. h7 h1=Q 0-1

[Event "Russian Championship B17 1st league 2016"]
[Site "Loo"]
[Date "2016.04.23"]
[Round "4.29"]
[White "Kuzmin, Ivan"]
[Black "Malyshev, Kirill"]
[Result "1-0"]
[WhiteElo "1858"]
[BlackElo "1628"]
[PlyCount "131"]
[EventDate "2016.04.20"]

1. d4 c5 2. d5 e5 3. Nc3 d6 4. e4 Be7 5. Nf3 Nf6 6. Be2 O-O 7. O-O h6 8. a3 Nh7
9. b4 Nd7 10. Na4 cxb4 11. axb4 Ng5 12. Nxg5 Bxg5 13. c4 b6 14. Qc2 Ba6 15. c5
Bxe2 16. Qxe2 bxc5 17. bxc5 dxc5 18. Be3 Be7 19. Rfc1 Qc7 20. Qa6 Rfc8 21. Rcb1
Rab8 22. Nc3 Rxb1+ 23. Rxb1 Rb8 24. Rb5 Rb6 25. Qa4 Qb7 26. Kf1 a6 27. Rxb6
Nxb6 28. Qe8+ Bf8 29. Bxc5 Qc8 30. Qxc8 Nxc8 31. Na4 Bxc5 32. Nxc5 a5 33. Ke2
Nd6 34. Kd3 f6 35. Kc3 Kf7 36. Kb3 f5 37. f3 h5 38. Ka4 Ke7 39. Kxa5 fxe4 40.
fxe4 Nc4+ 41. Kb5 Nd6+ 42. Kb6 g6 43. h4 Nc4+ 44. Kc6 Nd6 45. g3 Ne8 46. Nd3
Nd6 47. Nxe5 Nxe4 48. d6+ Nxd6 49. Nxg6+ Ke6 50. Nf4+ Ke5 51. Nxh5 Nf5 52. Kd7
Nh6 53. Ke7 Kf5 54. Nf6 Kg6 55. Ke6 Nf7 56. Ne4 Nh6 57. Ke5 Nf7+ 58. Kf4 Nh6
59. g4 Ng8 60. Ng3 Ne7 61. h5+ Kh7 62. g5 Kg8 63. Ke5 Nc6+ 64. Kf6 Nd8 65. Nf5
Nf7 66. g6 1-0

[Event "Russian Championship B17 1st league 2016"]
[Site "Loo"]
[Date "2016.04.23"]
[Round "4.30"]
[White "Kiyashko, Andrey"]
[Black "Polozhentsev, Maksim"]
[Result "1-0"]
[WhiteElo "1653"]
[BlackElo "1829"]
[PlyCount "99"]
[EventDate "2016.04.20"]

1. e4 c5 2. Nf3 Nc6 3. d4 cxd4 4. Nxd4 g6 5. c4 Nf6 6. Nc3 Nxd4 7. Qxd4 Bg7 8.
Be3 d6 9. f3 O-O 10. Qd2 Bd7 11. Be2 Qa5 12. Rc1 a6 13. O-O Be6 14. b3 Kh8 15.
Rfd1 Rfc8 16. Nd5 Qxd2 17. Bxd2 Nxd5 18. exd5 Bd7 19. Be3 b5 20. c5 dxc5 21.
Bxc5 e6 22. d6 Kg8 23. f4 Bb2 24. Rb1 Rxc5 25. Rxb2 Rac8 26. Kf2 Kf8 27. Ke3
Ke8 28. Bf3 Rc3+ 29. Kd4 f6 30. Re2 b4 31. Bd5 Kf7 32. Rde1 Re8 33. Bc4 Bb5 34.
Rxe6 Rxe6 35. Rxe6 Bxc4 36. Re7+ Kf8 37. bxc4 Rc2 38. c5 Rxa2 39. Rb7 a5 40. c6
Rd2+ 41. Kc5 Rc2+ 42. Kd5 a4 43. Rxb4 a3 44. Ra4 a2 45. Ra7 f5 46. c7 Ke8 47.
Ra8+ Kf7 48. Rxa2 Rxa2 49. c8=Q Rd2+ 50. Kc6 1-0

[Event "Russian Championship B17 1st league 2016"]
[Site "Loo"]
[Date "2016.04.23"]
[Round "4.31"]
[White "Belov, Aleksey"]
[Black "Kuzmichev, Artem"]
[Result "1/2-1/2"]
[WhiteElo "1612"]
[BlackElo "1792"]
[PlyCount "87"]
[EventDate "2016.04.20"]

1. e4 c5 2. Nf3 Nf6 3. Nc3 Nc6 4. d4 d5 5. exd5 Nxd5 6. Bc4 Nxc3 7. bxc3 e6 8.
O-O Be7 9. Bf4 O-O 10. Qd3 a6 11. a4 Bf6 12. Rfd1 cxd4 13. cxd4 Nxd4 14. Nxd4
e5 15. Be3 exd4 16. Bxd4 Bxd4 17. Qxd4 Qc7 18. Bb3 Bf5 19. Qd6 Qc3 20. Qb6 Rab8
21. h3 Bxc2 22. Bxc2 Qxc2 23. Rd7 Qc6 24. Rd6 Qe4 25. a5 h6 26. Rad1 Rfe8 27.
R6d4 Qe2 28. R4d2 Qe5 29. Rd5 Qc3 30. Kh2 Re6 31. Rd8+ Rxd8 32. Rxd8+ Kh7 33.
Qxb7 Qe5+ 34. g3 Rf6 35. Qb1+ g6 36. Qa2 Qe1 37. Rd2 Qe5 38. Kg2 Qe4+ 39. Kg1
Kg7 40. Re2 Qb4 41. Kg2 h5 42. h4 Qb7+ 43. Kg1 Qc6 44. Qb2 1/2-1/2

[Event "Russian Championship B17 1st league 2016"]
[Site "Loo"]
[Date "2016.04.23"]
[Round "4.32"]
[White "Murtazin, Rifat"]
[Black "Natarov, Ilya"]
[Result "1/2-1/2"]
[WhiteElo "1555"]
[BlackElo "1767"]
[PlyCount "80"]
[EventDate "2016.04.20"]

1. e4 c5 2. Nf3 d6 3. Bb5+ Bd7 4. Bxd7+ Nxd7 5. O-O g6 6. c3 Bg7 7. d4 cxd4 8.
cxd4 e5 9. d5 Ngf6 10. Nc3 Nc5 11. Bg5 Qd7 12. Bxf6 Bxf6 13. b4 Na6 14. Qb3 O-O
15. Rac1 b5 16. a3 Rac8 17. Rc2 Rc7 18. Rfc1 Rfc8 19. Ne2 Nb8 20. Rxc7 Rxc7 21.
Rxc7 Qxc7 22. Qc3 Bd8 23. Nd2 Nd7 24. Qxc7 Bxc7 25. Nc3 a6 26. a4 bxa4 27. Nxa4
Kf8 28. Kf1 Ke7 29. Nc4 f5 30. f3 fxe4 31. fxe4 Nf6 32. Nc3 Kd7 33. Ke2 Ng4 34.
h3 Nf6 35. Kf3 Nh5 36. g3 h6 37. b5 axb5 38. Nxb5 Nf6 39. Na7 Ng8 40. Nc6 Ne7
1/2-1/2

[Event "Russian Championship B17 1st league 2016"]
[Site "Loo"]
[Date "2016.04.23"]
[Round "4.33"]
[White "Sokolov, Ilia"]
[Black "Spiridonov, Vladislav"]
[Result "1-0"]
[WhiteElo "1764"]
[BlackElo "1591"]
[PlyCount "143"]
[EventDate "2016.04.20"]

1. Nf3 d5 2. g3 c6 3. Bg2 Bg4 4. O-O Nd7 5. d4 Ngf6 6. c4 dxc4 7. Na3 Nb6 8.
Ne5 Be6 9. e4 Nfd7 10. Nf3 Nf6 11. Qc2 g6 12. Be3 Bg7 13. Ng5 Qd7 14. Nxe6 Qxe6
15. Rac1 Rd8 16. Nxc4 Nxc4 17. Qxc4 Qxc4 18. Rxc4 e5 19. Rd1 O-O 20. d5 Rd7 21.
Bh3 cxd5 22. exd5 Rxd5 23. Rxd5 Nxd5 24. Bxa7 Ra8 25. Rc8+ Rxc8 26. Bxc8 b5 27.
Bb7 Nb4 28. a3 Nd3 29. b4 Nc1 30. Bc6 Ne2+ 31. Kf1 Nc3 32. Bc5 f5 33. Be8 Bh6
34. Bd6 e4 35. Be5 Kf8 36. Bc6 Nb1 37. Bxb5 Nxa3 38. Bc6 Nc4 39. Bd4 Ke7 40.
Bc5+ Ke6 41. Ba4 Nd2+ 42. Ke2 Kd5 43. Be8 Ke6 44. b5 Nb3 45. Ba3 Bg7 46. b6 Bd4
47. b7 Ba7 48. Bb4 Nc1+ 49. Kf1 Nd3 50. Ba5 Nc5 51. Bb6 Nxb7 52. Bxa7 Nd6 53.
Ba4 g5 54. Be3 Kf6 55. Bb3 Kg6 56. Ke1 Ne8 57. Kd2 Nf6 58. h3 Nh5 59. Bd1 Nf6
60. Kc3 f4 61. Bc5 e3 62. Bc2+ Kh5 63. gxf4 exf2 64. Bxf2 Nd5+ 65. Kd4 Nxf4 66.
Bf5 Kh6 67. Ke5 Kh5 68. Kf6 Kh6 69. Kf7 Nd5 70. Bg4 Nf4 71. Bd4 Nh5 72. Bh8 1-0

[Event "Russian Championship B17 1st league 2016"]
[Site "Loo"]
[Date "2016.04.23"]
[Round "4.34"]
[White "Shelushpanov, Nikolai"]
[Black "Tsurtsumiya, Ruslan"]
[Result "1-0"]
[WhiteElo "1536"]
[BlackElo "1549"]
[PlyCount "53"]
[EventDate "2016.04.20"]

1. d4 Nf6 2. c4 c5 3. e3 g6 4. g3 Bg7 5. Bg2 Nc6 6. Nf3 O-O 7. O-O cxd4 8. exd4
d5 9. cxd5 Nxd5 10. Nc3 Bg4 11. Be3 Nxe3 12. fxe3 Qb6 13. Qd2 Rfd8 14. Qf2 f6
15. Na4 Qb5 16. Nc3 Qb4 17. Nd2 Qxb2 18. Na4 Qb5 19. Nc5 Bc8 20. Rfc1 f5 21.
Rab1 Qa5 22. Nxb7 Bxb7 23. Rxb7 Nxd4 24. Rxe7 Qxd2 25. Qxd2 Nf3+ 26. Bxf3 Rxd2
27. Bxa8 1-0

[Event "Russian Championship B17 1st league 2016"]
[Site "Loo"]
[Date "2016.04.23"]
[Round "4.35"]
[White "Revutskiy, Svyatoslav"]
[Black "Miziuk, Anton"]
[Result "1-0"]
[WhiteElo "1734"]
[BlackElo "1528"]
[PlyCount "65"]
[EventDate "2016.04.20"]

1. e4 e5 2. Nf3 Nc6 3. Bc4 Nf6 4. d3 Be7 5. c3 d5 6. exd5 Nxd5 7. O-O O-O 8.
Re1 h6 9. Nxe5 Nxe5 10. Rxe5 c6 11. Bxd5 cxd5 12. Bf4 Be6 13. Bg3 Qb6 14. Qc2
f5 15. Bf4 Rac8 16. Re1 Rf6 17. Nd2 Bc5 18. Nb3 Bd6 19. Bxd6 Qxd6 20. Nd4 Bd7
21. Qb3 Rg6 22. Re2 f4 23. Rae1 Rf8 24. f3 h5 25. Re5 Re8 26. Rxe8+ Bxe8 27.
Rxe8+ Kh7 28. Qxb7 Qf6 29. Qc8 Kh6 30. Rh8+ Kg5 31. h4+ Kxh4 32. Qh3+ Kg5 33.
Qxh5# 1-0

[Event "Russian Championship B17 1st league 2016"]
[Site "Loo"]
[Date "2016.04.23"]
[Round "4.36"]
[White "Prorochenko, Nikita"]
[Black "Sambyla, Subuday"]
[Result "0-1"]
[WhiteElo "1682"]
[BlackElo "1722"]
[PlyCount "66"]
[EventDate "2016.04.20"]

1. c4 Nf6 2. Nc3 e6 3. e4 c5 4. e5 Ng8 5. d4 cxd4 6. Qxd4 Nc6 7. Qe4 d6 8. Nf3
dxe5 9. Nxe5 Nxe5 10. Qxe5 a6 11. Nd5 f6 12. Qe4 Ne7 13. Ne3 Nc6 14. Bd2 Bc5
15. Bc3 O-O 16. Rd1 Qb6 17. Bd3 f5 18. Qf4 e5 19. Bxe5 Re8 20. Bc3 Bxe3 21.
fxe3 Rxe3+ 22. Kd2 Re7 23. Rhe1 Bd7 24. Rxe7 Nxe7 25. Qe5 Qh6+ 26. Kc2 Nc6 27.
Qg3 f4 28. Qf3 Kh8 29. h3 Re8 30. Be4 Qe6 31. Bd5 Qf5+ 32. Qd3 Qf8 33. a3 Bf5
0-1

[Event "Russian Championship B17 1st league 2016"]
[Site "Loo"]
[Date "2016.04.23"]
[Round "4.37"]
[White "Kavyev, Emil"]
[Black "Vasiliev, Semen B"]
[Result "1-0"]
[WhiteElo "1699"]
[BlackElo "1434"]
[PlyCount "81"]
[EventDate "2016.04.20"]

1. e4 d5 2. exd5 Qxd5 3. Nc3 Qd6 4. d4 g6 5. Be3 Bg7 6. Qd2 Nc6 7. O-O-O Bf5 8.
Nb5 Qd8 9. Bf4 Rc8 10. d5 Ne5 11. Re1 Ng4 12. f3 N4f6 13. g4 Bd7 14. Nxa7 Ra8
15. Nb5 Rxa2 16. Kb1 Rxb2+ 17. Kxb2 Ne4+ 18. Kc1 Nxd2 19. Nxc7+ Kf8 20. Kxd2 e5
21. dxe6 Bxe6+ 22. Bd3 Bh6 23. Nxe6+ fxe6 24. Bxh6+ Nxh6 25. Rxe6 Qg5+ 26. Ke2
Qd5 27. Re4 Kg7 28. Nh3 Rf8 29. Nf4 Rxf4 30. Rxf4 Qe5+ 31. Re4 Qd6 32. Kf2 Nf7
33. f4 Qc5+ 34. Kg3 Qc7 35. h4 Nd6 36. Re6 Kf7 37. Rhe1 Nc8 38. h5 gxh5 39.
gxh5 Kg8 40. h6 Qf7 41. Re8+ 1-0

[Event "Russian Championship B17 1st league 2016"]
[Site "Loo"]
[Date "2016.04.23"]
[Round "4.38"]
[White "Pavlovskiy, Vladislav"]
[Black "Novikov, Dmitry"]
[Result "1/2-1/2"]
[WhiteElo "1240"]
[BlackElo "1493"]
[PlyCount "90"]
[EventDate "2016.04.20"]

1. d4 d5 2. Nf3 Nf6 3. Bf4 Nc6 4. e3 Bg4 5. c3 e6 6. Qa4 Qd7 7. Bb5 Bxf3 8.
gxf3 Bd6 9. Bxd6 cxd6 10. Bxc6 bxc6 11. Nd2 Rb8 12. Qc2 c5 13. b3 Rc8 14. dxc5
dxc5 15. Rd1 Qb7 16. e4 d4 17. c4 e5 18. Nb1 Nh5 19. Rg1 f6 20. Qd2 Nf4 21. Na3
a6 22. Nc2 Kf7 23. Kf1 Rhd8 24. Ne1 Rg8 25. Nd3 g5 26. Nxf4 gxf4 27. Ke2 Rxg1
28. Rxg1 Rg8 29. Rxg8 Kxg8 30. Qa5 Qc6 31. Qd8+ Kg7 32. Qd5 Qxd5 33. exd5 f5
34. Kd3 a5 35. a3 Kf7 36. h3 Ke7 37. h4 Kd6 38. h5 h6 39. Kd2 e4 40. Ke2 Kd7
41. Kd2 Kd6 42. Ke2 Ke5 43. Kd2 d3 44. Kc3 Kd6 45. Kd2 Ke5 1/2-1/2

[Event "Russian Championship B17 2016"]
[Site "Loo"]
[Date "2016.04.23"]
[Round "4.1"]
[White "Lobanov, Sergei"]
[Black "Galaktionov, Artem"]
[Result "0-1"]
[WhiteElo "2457"]
[BlackElo "2208"]
[PlyCount "98"]
[EventDate "2016.04.20"]

1. e4 e6 2. d4 d5 3. Nc3 Bb4 4. e5 c5 5. Bd2 Ne7 6. Nb5 Bxd2+ 7. Qxd2 O-O 8. f4
Bd7 9. Nd6 cxd4 10. Nf3 Nbc6 11. Bd3 f6 12. O-O Qb6 13. Qf2 fxe5 14. fxe5 Nxe5
15. Bxh7+ Kh8 16. Qh4 Nxf3+ 17. gxf3 Rf6 18. Bg6+ Kg8 19. Qh7+ Kf8 20. Qh8+ Ng8
21. Bh7 Ke7 22. Nf5+ exf5 23. Qxg7+ Kd6 24. Bxg8 Kc7 25. Bf7 Qd6 26. Rae1 Kb6
27. Kh1 Rf8 28. Bh5 Rh6 29. Qxd4+ Kc7 30. Qxa7 Rxh5 31. Rf2 Qb6 32. Qxb6+ Kxb6
33. Re5 Bc6 34. c3 Re8 35. Rxe8 Bxe8 36. Kg2 Rg5+ 37. Kh3 Bb5 38. Kh4 Rg1 39.
Kh5 Bc4 40. b3 Bb5 41. h4 Kc5 42. Rd2 Rg3 43. Rf2 d4 44. cxd4+ Kxd4 45. Kh6 Ke3
46. Rc2 Kxf3 47. h5 f4 48. Rc7 Bc6 49. Kh7 Be4+ 0-1

[Event "Russian Championship B17 2016"]
[Site "Loo"]
[Date "2016.04.23"]
[Round "4.2"]
[White "Sorokin, Aleksey"]
[Black "Triapishko, Olexandr"]
[Result "1/2-1/2"]
[WhiteElo "2385"]
[BlackElo "2474"]
[PlyCount "55"]
[EventDate "2016.04.20"]

1. d4 Nf6 2. c4 e6 3. Nf3 Bb4+ 4. Nbd2 b6 5. a3 Bxd2+ 6. Qxd2 Bb7 7. e3 O-O 8.
Be2 d6 9. O-O Nbd7 10. b4 Ne4 11. Qc2 f5 12. d5 e5 13. Ne1 Qh4 14. f3 Ng5 15.
f4 Ne4 16. Nf3 Qe7 17. Bb2 c6 18. Rad1 cxd5 19. cxd5 Rac8 20. Qb3 exf4 21. exf4
Nc3 22. Bxc3 Qe3+ 23. Kh1 Rxc3 24. Qb2 Rb3 25. Qc2 Rc3 26. Qb2 Rb3 27. Qc2 Rc3
28. Qb2 1/2-1/2

[Event "Russian Championship B17 2016"]
[Site "Loo"]
[Date "2016.04.23"]
[Round "4.3"]
[White "Malyshev, Grigory"]
[Black "Sarana, Alexey"]
[Result "1/2-1/2"]
[WhiteElo "2315"]
[BlackElo "2422"]
[PlyCount "118"]
[EventDate "2016.04.20"]

1. d4 Nf6 2. c4 e6 3. g3 Bb4+ 4. Bd2 Be7 5. Bg2 d5 6. Nf3 O-O 7. O-O c6 8. Qc2
b6 9. Bf4 Bb7 10. Nc3 Nbd7 11. Rfd1 dxc4 12. Nd2 Nd5 13. Nxc4 Nxf4 14. gxf4 Qc7
15. e3 Rad8 16. Ne5 c5 17. Nxd7 Rxd7 18. d5 exd5 19. Nxd5 Bxd5 20. Rxd5 Bf6 21.
Rad1 Rxd5 22. Bxd5 b5 23. b3 g6 24. Qe4 Rd8 25. h3 Kg7 26. Kg2 a6 27. Rc1 Qd6
28. Rd1 Qc7 29. Rc1 Qb6 30. Rd1 Kf8 31. Qc2 Rd7 32. Qe4 Qd8 33. Kg1 Qe7 34. Qc2
Rc7 35. Rc1 Qd7 36. Bg2 c4 37. Rd1 Qe6 38. bxc4 bxc4 39. Kh2 c3 40. Bd5 Qe7 41.
Kg2 Qc5 42. Bb3 Kg7 43. Rd5 Qc6 44. Kh2 Rb7 45. e4 Be7 46. Rd4 Qf6 47. Qxc3
Qxf4+ 48. Qg3 Qc1 49. Rd3 Qb2 50. e5 Bc5 51. Kg2 Qe2 52. Qf3 Qxf3+ 53. Kxf3 Kf8
54. Rd5 Rc7 55. Ke2 Ke7 56. f4 Bb4 57. Rd4 a5 58. Rc4 Rd7 59. Rc6 Kf8 1/2-1/2

[Event "Russian Championship B17 2016"]
[Site "Loo"]
[Date "2016.04.23"]
[Round "4.4"]
[White "Abelguzin, Dinar"]
[Black "Grigorjev, Iljya"]
[Result "1-0"]
[WhiteElo "2397"]
[BlackElo "2297"]
[PlyCount "57"]
[EventDate "2016.04.20"]

1. e4 e5 2. Nf3 Nc6 3. Bb5 a6 4. Ba4 Nf6 5. O-O b5 6. Bb3 Bc5 7. c3 d6 8. a4
Rb8 9. d4 Bb6 10. axb5 axb5 11. Na3 O-O 12. Nxb5 Bg4 13. Bc2 Bxf3 14. gxf3 Nh5
15. f4 Nxf4 16. Bxf4 exf4 17. Qg4 Qf6 18. Ra6 Nd8 19. Na3 g6 20. Nc4 h5 21. Qf3
Ne6 22. e5 dxe5 23. Nxe5 Bxd4 24. cxd4 Qg5+ 25. Kh1 Nxd4 26. Qe4 Rfe8 27. Nxf7
Kxf7 28. Qxd4 f3 29. Rxg6 1-0

[Event "Russian Championship B17 2016"]
[Site "Loo"]
[Date "2016.04.23"]
[Round "4.5"]
[White "Gaifullin, Artur"]
[Black "Bykov, Oleg"]
[Result "1-0"]
[WhiteElo "2306"]
[BlackElo "2389"]
[PlyCount "79"]
[EventDate "2016.04.20"]

1. d4 Nf6 2. c4 e6 3. g3 c5 4. d5 exd5 5. cxd5 d6 6. Nc3 g6 7. Bg2 Bg7 8. Nf3
O-O 9. O-O Na6 10. Nd2 Nc7 11. a4 Re8 12. Nc4 Bf5 13. Bf4 Bf8 14. Re1 Ne4 15.
Bxe4 Bxe4 16. f3 Bf5 17. e4 Bh3 18. Qd2 f6 19. g4 g5 20. Bg3 Qd7 21. e5 dxe5
22. Ne4 Bg7 23. Nf2 h5 24. Nxh3 hxg4 25. Nf2 gxf3 26. Qc3 Nxd5 27. Qxf3 Qe6 28.
Rad1 Red8 29. Ne4 Nb4 30. Ne3 b6 31. Rf1 Rxd1 32. Rxd1 Rf8 33. Nf5 Nc2 34. Rd6
Qc4 35. Ne7+ Kf7 36. Nxg5+ Kxe7 37. Re6+ Qxe6 38. Nxe6 Rf7 39. Nxg7 Rxg7 40.
Qb7+ 1-0

[Event "Russian Championship B17 2016"]
[Site "Loo"]
[Date "2016.04.23"]
[Round "4.6"]
[White "Afanasiev, Nikita"]
[Black "Fakhrutdinov, Timur"]
[Result "1/2-1/2"]
[WhiteElo "2349"]
[BlackElo "2290"]
[PlyCount "119"]
[EventDate "2016.04.20"]

1. c4 e6 2. Nf3 d5 3. g3 Nf6 4. Bg2 Be7 5. O-O O-O 6. d4 dxc4 7. Qa4 a6 8. Qxc4
b5 9. Qc2 Bb7 10. Nc3 Nbd7 11. Rd1 c5 12. Bg5 Qc7 13. Rac1 Rac8 14. dxc5 Bxc5
15. e3 Qb8 16. Qe2 h6 17. Bxf6 Nxf6 18. Nd2 Rfd8 19. Bxb7 Qxb7 20. Qf3 Qxf3 21.
Nxf3 Bb6 22. Rxd8+ Bxd8 23. Ne2 Rxc1+ 24. Nxc1 Nd7 25. Nd3 Bf6 26. Nd2 Kf8 27.
Kf1 Ke8 28. Ke2 Kd8 29. Kd1 Kc7 30. Ne4 Be7 31. Kc2 Kc6 32. Nd2 Kc7 33. Ne4 f5
34. Nd2 Nc5 35. Nf4 g5 36. Ne2 Bf6 37. Nc1 Kd6 38. h3 Kd5 39. f3 h5 40. Ne2 Na4
41. e4+ Kd6 42. b4 Kc6 43. f4 g4 44. h4 Nb6 45. Kd3 Kd7 46. exf5 exf5 47. Nb3
Nd5 48. a3 Bb2 49. Nc5+ Ke7 50. Nd4 Bxa3 51. Nxa6 Kf6 52. Nc2 Bb2 53. Nb8 Nc3
54. Nd4 Ne4 55. Ne2 Ba3 56. Nc6 Ke6 57. Ncd4+ Kf6 58. Nc6 Ke6 59. Ncd4+ Kf6 60.
Nc6 1/2-1/2